00586nam a2200169 i 450000100060000000300090000600500170001500700030003200800410003510000400007624500570011626000390017330000330021285200320024599900170027795201220029460420ES-MaACL20230906164228.0t|031104s1971 sp ||||1| spa d1 aEscrivá Pellicer, Melchor.94766610aSuecia b: la otra Europa / cM. Escrivá Pellicer. aSantander : bSal Terrae, c[1971] a324 p., 16 lám. ; c22 cm. aES-MaACLjC-38488 bR.78622 c60420d60420 00104070aATENEOMbATENEOMcDEPO2d2008-01-17eSCl0oC-38488p1063370r2023-02-23 00:00:00w2023-02-23yMONOGRAFIA